000 00610nam a2200181Ia 4500
008 100920s9999 xx 000 0 und d
082 _b106982
_a51 0
100 _aसंपा:कवि माधवी.
245 _a101 श्रेष्ठ महिला.
260 _bविद्याभारती प्रकाशन,लातूर.
_c0
300 _a240
_bसाधी
365 _b80
520 _aचरित्र.
630 _a101 श्रेष्ठ महिला.
650 _aचरित्र.
730 _a101 श्रेष्ठ महिला.
942 _cBOOK
999 _c747406
_d747403